000 00519cam a2200193ua 4500
001 11283
005 20260515114731.0
008 190906n ii |||gr||||Z||||||asm
040 _cMAIN
082 _a891.4512
100 _aParesh Baishya.,
_eAuthor.
245 _aAsamiya natak adhyayan
_cBy Paresh Baishya
250 _a1st ed.
260 _aGuwahati:
_bBalimahee,
_c2014.
300 _a258p.
653 _aEast Indo-European & Celtic literatures
653 _aA critical analysis of Assamese drama
942 _cBK
999 _c10127
_d10127